000 00256nam a2200097Ia 4500
008 170620s9999 xx 000 0 und d
100 _aBalyan.Devendra/Thani.Yograj
245 0 _aSharirik Shiksha Evam Khel Kud Gyankosh
260 _bNew delhi.Khel.S.k
260 _c2005
300 _a134
999 _c27541
_d27541